000 01744cam a2200265 i 4500
003 SA-RiAUC
005 20250530142352.0
008 250529s1993 le g b 00000 ara c
040 _aSA-RiAUC
_bara
_cSA-RiAUC
_dKAC
_erda
082 0 4 _a814.962
_qSA-RiAUC
090 _a814.962
_bز ك ي
100 1 _aزكي مبارك، زكي عبد السلام مبارك،
_d1891-1952
_eمؤلف.
245 1 2 _aالحديث ذو شجون /
_cتأليف د. زكي مبارك.
250 _aالطبعة الأولى.
264 1 _aبيروت :
_bدار الجيل،
_c1993
300 _a547 صفحة ؛
_c24 سم
336 _aنص
_btxt
_2rdacontent
_3كتاب
337 _aبدون وسيط
_bn
_2rdamedia
338 _aمجلد
_bnc
_2rdacarrier
504 _aيشتمل على إرجاعات ببليوجرافية.
520 _aيتناول كتاب (الحديث ذو شجون) والذي قام بتأليفه (دكتور زكي مبارك) في حوالي (547) صفحة من القطع المتوسط موضوع (مقالات في الأدب) مستعرضا المحتويات التالية : حدث الإسكندرية ذو شجون، الصداقة الروحانية، أوهام أدبية تخلقها الحوادث، الكتيبة الأدبية، إليك اعتذار أيها الغزالي، موجة صوفية، العمر الضائع، درس ينفع، عبد الوهاب عزام، سعد زغلول خطيبا، شاعر ينبغ فوق سرير المرض، جناية الجمال، اللغة العربية في المدارس الأجنبية، وغيرها.
650 7 _aالأدب العربي
_zمصر
_vمقالات ومحاضرات
_2aucsh
942 _2ddc
_cBOOK
_n0
949 _aSA-JeALM
_d250529
_uosman123
_n1
999 _c8520
_d8520